Ulice Łodzi - Statystyki

Ogólne statystyki
  • Ten quiz został rozwiązany 68 razy
  • Średni wynik to 6 z 15
Statystyki odpowiedzi
Hint Odpowiedź % Poprawnych
Stadion RTS Widzew Piłsudskiego
86%
Pasaż Róży Piotrkowska
76%
Aquapark Fala Unii Lubelskiej
64%
Zajezdnia Tramwajowa ET1 Telefoniczna
52%
Monopolis Kopcińskiego
50%
M1 Brzezińska
48%
Infosys Poland Pomorska
40%
CH Retkinia Maratońska
38%
Wydział Zarządzania UŁ Matejki
32%
ŁDK Traugutta
32%
Fabryka Gillette Gillette
26%
Łódzki Rynek Hurtowy Zjazdowa
26%
Lotnisko im. Reymonta w Łodzi Maczka
22%
Stadion Start św. Teresy od Dzieciątka Jezus
18%
Dworzec Północny PKS Smugowa
14%
Nie znaleziono quizów pasujących do podanych kryteriów
Rozkład punktacji
Procent ludzi z każdym wynikiem
Percentyl według liczby udzielonych odpowiedzi
Twoja historia wyników
Nie rozwiązałeś tego quizu